| 000 | 02414cam a22005054i 4500 | ||
|---|---|---|---|
| 003 | PE-LiUPU | ||
| 005 | 20250731173115.0 | ||
| 008 | 190320s2018 xxua rb 000 0 eng d | ||
| 020 | _a1619709112 | ||
| 020 | _a9781619709119 | ||
| 035 | _a(Sirsi) a251991 | ||
| 040 |
_aPE-LiUPU _bspa _cPE-LiUPU _erda |
||
| 041 | 1 |
_aeng _hfre |
|
| 049 | _aPRUA | ||
| 082 | 0 | 4 |
_a220.93 _bR53 _223 |
| 100 | 1 |
_aRichelle, Matthieu, _eautor. |
|
| 245 | 1 | 4 |
_aThe Bible & archaeolog / _cMatthieu Richelle. |
| 264 | 1 |
_aMassachusetts : _bHendrickson Publishers, _c[2018]. |
|
| 300 |
_axvi, 152 páginas : _bilustraciones ; _c22 centímetros. |
||
| 336 |
_atext _2rdacontent |
||
| 337 |
_aunmediated _2rdamedia |
||
| 338 |
_avolume _2rdacarrier |
||
| 504 | _aBibliografía: páginas 114-132. | ||
| 505 | 0 | _aWhat archeologists discover -- Discovering ancient cities -- Discovering life in ancient Israel -- When stones speak --The principal types of inscriptions -- The difficulties of epigraphy -- The limits of archaeology -- Limits imposed by the interpretation of the data -- Limits inherent to excavations -- The Bible and archaeology -- what kind of relationship? -- The different approaches -- The use of the Bible -- Real-life scenarios -- A case study -- the kingdom of David and Solomon -- The problem -- What is at stake? -- The heart of the problem -- The debate today -- The case of Jerusalem -- Archaeology and writing in the time of David and Solomon -- The dearth of inscriptions from the tenth to ninth centuries BCE -- A correlation between the development of a country and literature? -- Pointers to literary activity in the tenth and ninth centuries. | |
| 526 | _aSEG42 | ||
| 526 | _aSEG41 | ||
| 526 | _aSEG40 | ||
| 526 | _aSEG39 | ||
| 526 | _aP94 | ||
| 526 | _aP87 | ||
| 526 | _aP86 | ||
| 526 | _aP85 | ||
| 526 | _aP77 | ||
| 526 | _aP76 | ||
| 526 | _aP35 | ||
| 534 |
_pTítulo Original : _tBible et Parchéologie. |
||
| 630 | 0 | 4 |
_aBiblia. _pA.T. _xAntigüedades. |
| 650 | 0 | 4 | _aArcqueología. |
| 910 |
_adbm _bksl _cksl _d20190320 |
||
| 942 |
_2ddc _cBOOK |
||
| 994 |
_aC0 _bPEPRU |
||
| 596 | _a1 | ||
| 999 |
_a220.93 R53 _wDEWEY _c31249 _i80051 _d31249 _f2021-11-9 _g3 _lCCODEBUL1 _mBUL _p7.49 _q2 _r0 _sY _tBOOK _u2019-3-20 _xTEOLOGIA _PP35 _0COMPRA _o.STAFF. Colección Teología |
||
| 980 |
_81 _gALBERTO SANCHEZ Responsable de Automatización |
||